Colección de problemas y cuestiones sobre la física y la química / (Record no. 159625)
[ view plain ]
| 000 -LEADER | |
|---|---|
| campo de control de longitud fija | 01179nam a2200277 i 4500 |
| 001 - NÚMERO DE CONTROL | |
| campo de control | 159625 |
| 003 - IDENTIFICADOR DE NÚMERO DE CONTROL | |
| campo de control | ES-MaACL |
| 005 - FECHA Y HORA DE LA ÚLTIMA TRANSACCIÓN | |
| campo de control | 20250726063042.0 |
| 008 - DATOS DE LONGITUD FIJA--INFORMACIÓN GENERAL | |
| campo de control de longitud fija | 040914s1840 sp af |||| | spa d |
| 080 ## - NÚMERO DE LA CLASIFICACIÓN DECIMAL UNIVERSAL | |
| Número de la Clasificación Decimal Universal | 53 |
| 080 ## - NÚMERO DE LA CLASIFICACIÓN DECIMAL UNIVERSAL | |
| Número de la Clasificación Decimal Universal | 54 |
| 100 1# - ENTRADA PRINCIPAL--NOMBRE DE PERSONA | |
| Nombre de persona | Mieg, Juan, |
| Fechas asociadas al nombre | 1780-1859 |
| Término indicativo de función/relación | Autor |
| 9 (RLIN) | 129904 |
| 245 10 - MENCIÓN DEL TÍTULO | |
| Título | Colección de problemas y cuestiones sobre la física y la química / |
| Mención de responsabilidad, etc. | por Don Juan Mieg. |
| 260 ## - PUBLICACIÓN, DISTRIBUCIÓN, ETC. | |
| Lugar de publicación, distribución, etc. | Madrid : |
| Nombre del editor, distribuidor, etc. | [s.n.], |
| Fecha de publicación, distribución, etc. | 1840 |
| Fabricante | (Imp. de Pedro Sanz y Sanz) |
| 300 ## - DESCRIPCIÓN FÍSICA | |
| Extensión | VIII, 286, [2] páginas, [2] hojas de láminas plegadas ; |
| Dimensiones | 16 cm |
| 500 ## - NOTA GENERAL | |
| Nota general | Índice |
| 530 ## - NOTA DISPONIBLE DE FORMULARIO FÍSICO ADICIONAL | |
| Nota de formato físico adicional disponible | Disponible en formato digital |
| 650 #7 - PUNTO DE ACCESO ADICIONAL DE MATERIA--TÉRMINO DE MATERIA | |
| Término de materia o nombre geográfico como elemento de entrada | Física |
| Fuente del encabezamiento o término | embne |
| 9 (RLIN) | 12877 |
| 650 #7 - PUNTO DE ACCESO ADICIONAL DE MATERIA--TÉRMINO DE MATERIA | |
| Término de materia o nombre geográfico como elemento de entrada | Química |
| Fuente del encabezamiento o término | embne |
| 9 (RLIN) | 16625 |
| 852 4# - LOCALIZACIÓN | |
| Ubicación | ES-MaACL |
| Ubicación en estantería | Sala Pecera Planta 3 |
| Anotaciones manuscritas | An. ms.: "Ex dono auctoris" |
| Donativo/Legado | Donativo de Juan Mieg |
| Número de control de estantería | G-9929 |
| Encuadernación | Holandesa deteriorada |
| 852 4# - LOCALIZACIÓN | |
| Ubicación | ES-MaACL |
| Ubicación en estantería | Depósito folletos |
| Anotaciones manuscritas | An. ms.: "Ex dono auctoris" |
| Donativo/Legado | Donativo de Juan Mieg |
| Número de control de estantería | T-27-F-1 |
| Encuadernación | Enc. en un vol. facticio |
| -- | Holandesa, falto de cub. original |
| 856 4# - LOCALIZACIÓN Y ACCESO ELECTRÓNICOS | |
| Identificador Uniforme de Recursos | <a href="http://bdh-rd.bne.es/viewer.vm?id=0000238658&page=1 ">http://bdh-rd.bne.es/viewer.vm?id=0000238658&page=1 </a> |
| Texto de enlace | Versión en línea |
| Nota pública | (Biblioteca Digital Hispánica) |
| 942 ## - ELEMENTOS DE ENTRADA SECUNDARIOS (KOHA) | |
| Fuente del sistema de clasificación o colocación | Clasificación decimal universal |
| Tipo de ítem Koha | Libro impreso antiguo |
| Suprimir en OPAC | No |
| Estatus retirado | Estado de pérdida | Fuente del sistema de clasificación o colocación | Estado de daño | No para préstamo | Colección | Biblioteca de origen | Biblioteca actual | Ubicación en estantería | Fecha de adquisición | Fuente de adquisición | Total de préstamos | Signatura topográfica completa | Código de barras | Visto por última vez | Tipo de ítem Koha |
|---|---|---|---|---|---|---|---|---|---|---|---|---|---|---|---|
| Clasificación decimal universal | Colección de folletos | Biblioteca del Ateneo de Madrid | Biblioteca del Ateneo de Madrid | Depósito folletos | 17/01/2008 | Donación | T-27-F-1 | 1167110 | 23/02/2023 | Folleto | |||||
| Clasificación decimal universal | Libros del s. XIX | Biblioteca del Ateneo de Madrid | Biblioteca del Ateneo de Madrid | Sala Pecera Planta 3 | 17/01/2008 | Donación | G-9929 | 1167109 | 23/02/2023 | Libro impreso antiguo |
